Catálogo

Administración financiera de la empresa / (Registro nro. 20515)

Detalles MARC
000 -LEADER
fixed length control field 01312cam a2200313 i 4500
001 - CONTROL NUMBER
control field 20515
003 - CONTROL NUMBER IDENTIFIER
control field Mx-PuUPA
005 - DATE AND TIME OF LATEST TRANSACTION
control field 20260417141120.0
008 - FIXED-LENGTH DATA ELEMENTS--GENERAL INFORMATION
fixed length control field 140415s2018 mx d gr 000 0 spa d
020 ## - INTERNATIONAL STANDARD BOOK NUMBER
International Standard Book Number 9786071735386
040 ## - CATALOGING SOURCE
Original cataloging agency Mx-PuUPA
Language of cataloging spa
Transcribing agency Mx-PuUPA
Modifying agency Mx-PuUPA
Description conventions rda
041 0# - LANGUAGE CODE
Language code of text/sound track or separate title spa
100 1# - MAIN ENTRY--PERSONAL NAME
9 (RLIN) 13989
Personal name Saldívar, Antonio,
Relator term autor
245 10 - TITLE STATEMENT
Title Administración financiera de la empresa /
Statement of responsibility, etc. Antonio Saldívar
250 ## - EDITION STATEMENT
Edition statement Cuarta edición /
Remainder of edition statement octubre
264 #1 - PRODUCTION, PUBLICATION, DISTRIBUTION, MANUFACTURE, AND COPYRIGHT NOTICE
Place of production, publication, distribution, manufacture México, Ciudad de México :
Name of producer, publisher, distributor, manufacturer Editorial Trillas,
Date of production, publication, distribution, manufacture, or copyright notice 2018
300 ## - PHYSICAL DESCRIPTION
Extent 176 páginas :
Other physical details gráficas ;
Dimensions 23 cm
336 ## - CONTENT TYPE
Fuente rdacontent
Content type term texto
Content type code txt
337 ## - MEDIA TYPE
Source rdamedia
Media type term sin medio
Media type code n
338 ## - CARRIER TYPE
Source rdacarrier
Carrier type term volumen
Carrier type code nc
500 ## - GENERAL NOTE
General note "Cambios estructurales necesarios ; Administración financiera como eje de procesos ; Modelos para facilitar el análisis ; Métodos sencillos de aplicar". -- Cubierta
650 #7 - SUBJECT ADDED ENTRY--TOPICAL TERM
Source of heading or term armarc
Topical term or geographic name entry element Empresas
General subdivision Finanzas
650 #7 - SUBJECT ADDED ENTRY--TOPICAL TERM
Source of heading or term armarc
Topical term or geographic name entry element Industrias
General subdivision Administración
775 08 - OTHER EDITION ENTRY
Relationship information También editado como (manifestación) :
Main entry heading Saldívar, Antonio,
Edition Segunda edición
Place, publisher, and date of publication México, D.F. Editorial Trillas, 1996
Title Planeación financiera de la empresa
Record control number (Mx-PuUPA) 16033
International Standard Book Number 9682439442
942 ## - ADDED ENTRY ELEMENTS (KOHA)
Source of classification or shelving scheme Dewey Decimal Classification
Koha item type Libro
Classification part 658.151
Item part S55
Existencias
Withdrawn status Lost status Source of classification or shelving scheme Damaged status Not for loan Collection code Home library Current library Shelving location Date acquired Total Checkouts Full call number Barcode Date last seen Copy number Price effective from Koha item type
    Dewey Decimal Classification     General Tehuacán Tehuacán Sala general 28/03/2023   658.151 S55 2018 968000001446 08/01/2025 Ej.2 28/03/2023 Libro
    Dewey Decimal Classification     General Tehuacán Tehuacán Sala general 01/04/2023   658.151 S55 2018 968000001445 08/01/2025   01/04/2023 Libro
    Dewey Decimal Classification     General Tehuacán Tehuacán Sala general 05/03/2026   658.151 S55 2018 968000003157 05/03/2026 Ej.3 05/03/2026 Libro